000
00295nam a2200145Ia 4500
100
_a
Philips
942
_c
BK
654
_a
Modules
245
_a
Wideband Hybrid IC Modules
260
_b
Philips
_a
NONE
_c
1996
082
_a
621.3815
_b
SC16
300
_a
224
546
_a
ENGLISH
999
_c
21748
_d
21748